| 000 | 01445cam a2200385 a 4500 | ||
|---|---|---|---|
| 001 | 1178732 | ||
| 003 | OSt | ||
| 005 | 20230907140919.0 | ||
| 008 | 970124s1997 enk b 001 0 eng | ||
| 010 | _a 97000255 | ||
| 020 | _a9780582237988 | ||
| 020 | _a058223798X (PPR) | ||
| 020 | _a0582237971 (CSD) | ||
| 035 | _a(DLC) 97000255 | ||
| 040 |
_aDLC _cDLC _dDLC |
||
| 043 | _ad------ | ||
| 050 | 0 | 0 |
_aPN94 _b.P65 1997 |
| 082 | 0 | 0 |
_a801.9509045 _bMOR/P |
| 245 | 0 | 0 |
_aPostcolonial criticism / _cedited and introduced by Bart Moore-Gilbert, Gareth Stanton, and Willy Maley. |
| 260 |
_aLondon ; _aNew York : _bLongman, _c1997. |
||
| 300 |
_ax, 301 p. ; _c23 cm. |
||
| 440 | 0 | _aLongman critical readers | |
| 504 | _aIncludes bibliographical references (p. 277-291) and index. | ||
| 650 | 0 |
_aCriticism _xHistory _y20th century. |
|
| 650 | 0 | _aDifference (Psychology) in literature. | |
| 650 | 0 | _aPostcolonialism in literature. | |
| 650 | 0 | _aImperialism in literature. | |
| 651 | 0 |
_aDeveloping countries _xLiteratures _xHistory and criticism _xTheory, etc. |
|
| 700 | 1 |
_aMoore-Gilbert, B. J., _d1952- _99443 |
|
| 700 | 1 | _aStanton, Gareth. | |
| 700 | 1 | _aMaley, Willy. | |
| 906 |
_a7 _bcbc _corignew _d1 _eocip _f19 _gy-gencatlg |
||
| 942 |
_2ddc _cBK _h801.9509045 _iMOR/P _k801.9509045 _mMOR/P |
||
| 999 |
_c42147 _d42147 |
||